|
|
|
|
| LEADER |
01024nam a2200373 4500 |
| 001 |
DLU210196517 |
| 005 |
##20210531 |
| 008 |
##110208s2011 njua b 001 0 eng |
| 010 |
# |
# |
|a 2011001516
|
| 020 |
# |
# |
|a 9789814343473 (pbk. : alk. paper)
|
| 020 |
# |
# |
|a 9814343471 (pbk. : alk. paper)
|
| 040 |
# |
# |
|a DLC
|c DLC
|d DLC
|
| 042 |
# |
# |
|a pcc
|
| 082 |
# |
# |
|a 530.09
|b CA-A
|
| 100 |
# |
# |
|a Capri, Anton Z.
|
| 245 |
# |
# |
|a Quips, quotes, and quanta :
|b an anecdotal history of physics /
|c Anton Z. Capri.
|
| 250 |
# |
# |
|a 2nd ed.
|
| 260 |
# |
# |
|a New Jersey :
|b World Scientific,
|c c2011.
|
| 300 |
# |
# |
|a xii, 238 p. :
|b ill. ;
|c 23 cm.
|
| 504 |
# |
# |
|a Includes bibliographical references and index.
|
| 650 |
# |
# |
|a Physics
|v Anecdotes.
|
| 650 |
# |
# |
|a Physics
|x History.
|
| 923 |
# |
# |
|a 01/2021
|
| 991 |
# |
# |
|a SH
|
| 992 |
# |
# |
|a 862486
|
| 993 |
# |
# |
|a 2011
|
| 994 |
# |
# |
|a DLU
|
| 900 |
# |
# |
|a True
|
| 911 |
# |
# |
|a Nguyễn Thanh Hương
|
| 925 |
# |
# |
|a G
|
| 926 |
# |
# |
|a A
|
| 927 |
# |
# |
|a SH
|
| 980 |
# |
# |
|a Thư viện Trường Đại học Đà Lạt
|